000 00364cam a2200169 4500
001 D12673
008 090401t1951 xxu||||| |||| 00| 0 eng d
035 _a(Sirsi) u94229
041 _aeng
100 _aEdwards, Ralph
245 _aEnglish Drains
260 _aLondon
_bHMSO
_c1951
350 _a0
520 _aShelf 115
942 _n0
948 _c04/03/1997
999 _c97947
_d97947